| 000 | 00370nam a2200145Ia 4500 | ||
|---|---|---|---|
| 008 | 230917s9999||||xx |||||||||||||| ||und|| | ||
| 040 |
_e138618 _aMAIN |
||
| 041 | _aEnglish | ||
| 082 | _a843.5 S42K:S | ||
| 100 | _aKettle, Arnold | ||
| 245 | 0 | _aStendhal's scarlet and black | |
| 260 |
_aMilton Keynes _bOpen University Press _c1973 |
||
| 300 | _a27p. p. | ||
| 942 | _cBK | ||
| 999 |
_c191576 _d191576 |
||